[Event "Superettan(Kamraterna-Limhamn II)"]
[Site "?"]
[Date "2014.01.18"]
[Round "4"]
[White "Mansson, Lars"]
[Black "Andreasson, Ingvar"]
[Result "0-1"]
[WhiteElo "2285"]
[BlackElo "2412"]
[PlyCount "120"]

1. e4 c5 2. Nf3 e6 3. d4 cxd4 4. Nxd4 a6 5. Bd3 Ne7 6. O-O Nec6 7. Nxc6 Nxc6 8.
Nc3 b5 9. Kh1 Be7 10. f4 d6 11. Be3 Bd7 12. Qf3 O-O 13. Rae1 Nb4 14. Bd4 Nxd3
15. Qxd3 b4 16. Ne2 Bb5 17. Qe3 Rc8 18. c3 bxc3 19. Bxc3 Bf6 20. Rf3 Bxe2 21.
Qxe2 Bxc3 22. bxc3 Qa5 23. Qd2 Rc6 24. f5 Qe5 25. Ref1 f6 26. fxe6 Qxe6 27. Rd3
Re8 28. h3 Qxe4 29. Rxd6 Rc5 30. Rd8 h5 31. Rxe8+ Qxe8 32. Re1 Qc8 33. Re3 Rg5
34. Qe1 Kh7 35. Re8 Qb7 36. Qe4+ Qxe4 37. Rxe4 Rc5 38. Re6 a5 39. Ra6 Kg6 40.
Kg1 Kf5 41. Kf2 Ke4 42. Ke2 Rg5 43. Kf2 h4 44. Rc6 Kd3 45. Kf3 Rf5+ 46. Kg4 Rf2
47. Kxh4 Rxg2 48. c4 Rxa2 49. c5 Kd4 50. Rc8 Kd5 51. Kh5 a4 52. Kg6 Rg2+ 53.
Kf7 a3 54. c6 a2 55. c7 Kc6 56. Ra8 Kxc7 57. h4 f5 58. Ra3 f4 59. h5 f3 60.
Rc3+ Kd6 0-1

[Event "Superettan(Kamraterna-Limhamn II)"]
[Site "?"]
[Date "2014.01.18"]
[Round "4"]
[White "Svensson, Bengt"]
[Black "Holst, Conny"]
[Result "1/2-1/2"]
[WhiteElo "2399"]
[BlackElo "2261"]
[PlyCount "76"]

1. e4 d6 2. d4 Nf6 3. Nc3 Nbd7 4. Nf3 e5 5. Bc4 Be7 6. O-O O-O 7. Re1 c6 8. a4
h6 9. a5 a6 10. h3 Re8 11. Be3 Qc7 12. dxe5 dxe5 13. Qe2 Nf8 14. Bb6 Qb8 15.
Red1 Be6 16. Bxe6 Nxe6 17. Qc4 g6 18. Na4 Kg7 19. Rd2 Bd6 20. Rad1 Bc7 21. b4
Qc8 22. c3 Rb8 23. Ne1 Re7 24. f3 Nf4 25. Ba7 Ra8 26. Bc5 Rd7 27. Nd3 Rxd3 28.
Rxd3 Nxd3 29. Rxd3 Qe8 30. Be3 Rd8 31. Nc5 Rxd3 32. Qxd3 Qc8 33. Qd2 Ng8 34.
Qd7 Qxd7 35. Nxd7 Bd6 36. Bc5 Nf6 37. Nb6 Bxc5+ 38. bxc5 Kf8 1/2-1/2

[Event "Superettan(Kamraterna-Limhamn II)"]
[Site "?"]
[Date "2014.01.18"]
[Round "4"]
[White "Nylen, Anders"]
[Black "Hamark, Jesper"]
[Result "0-1"]
[WhiteElo "2173"]
[BlackElo "2408"]
[PlyCount "132"]

1. d4 d6 2. e4 Nf6 3. f3 c5 4. d5 e6 5. c4 b5 6. Nc3 b4 7. Nce2 exd5 8. cxd5 g6
9. a3 bxa3 10. Rxa3 Bg7 11. Nc3 O-O 12. Bg5 Qb6 13. Qd2 Re8 14. Bb5 Bd7 15. Bc4
Qb4 16. Bd3 a5 17. Nge2 Na6 18. O-O Qb6 19. Bxa6 Rxa6 20. Rfa1 Rea8 21. Na4 Qb4
22. Qc2 Ne8 23. Bd2 Bxa4 24. Rxa4 Qxb2 25. Qxb2 Bxb2 26. R1a2 Be5 27. Rxa5 Rxa5
28. Rxa5 Rxa5 29. Bxa5 f5 30. Bc3 fxe4 31. Bxe5 exf3 32. Bxd6 fxe2 33. Bg3 Nf6
34. Kf2 Nxd5 35. Kxe2 Kf7 36. Kd3 Ke6 37. Kc4 Ne3+ 38. Kxc5 Nxg2 39. Kd4 Kf5
40. Kd3 Kg4 41. Ke2 Nf4+ 42. Kf1 g5 43. Be1 Kf3 44. Kg1 Nh3+ 45. Kf1 Nf4 46.
Ba5 Ne2 47. Bd8 h6 48. Be7 Nf4 49. Bd8 Ne6 50. Be7 h5 51. Kg1 Nf4 52. Kf1 g4
53. Bd8 Ng2 54. Be7 Ne3+ 55. Kg1 Nf5 56. Bd8 h4 57. Bc7 Nd4 58. Bb8 Ne2+ 59.
Kh1 Kf2 60. Bd6 Kf1 61. Be5 Nc1 62. Bf6 g3 63. hxg3 hxg3 64. Bd4 Nd3 65. Ba7
Nf2+ 66. Bxf2 gxf2 0-1

[Event "Superettan(Kamraterna-Limhamn II)"]
[Site "?"]
[Date "2014.01.18"]
[Round "4"]
[White "Svenn, Gosta"]
[Black "Tadjerbashi, Amir"]
[Result "0-1"]
[WhiteElo "2338"]
[BlackElo "2230"]
[PlyCount "88"]

1. d4 d5 2. c4 c6 3. Nf3 e6 4. Qc2 Nf6 5. g3 Nbd7 6. Bg2 Bd6 7. O-O O-O 8. Nc3
Re8 9. Rd1 Qe7 10. b3 b6 11. Bb2 Bb7 12. e4 Nxe4 13. Nxe4 dxe4 14. Qxe4 Nf6 15.
Qc2 c5 16. Ng5 cxd4 17. Bxb7 Qxb7 18. Bxd4 e5 19. Bc3 Rad8 20. Re1 h6 21. Ne4
Nxe4 22. Qxe4 Qxe4 23. Rxe4 f5 24. Re2 e4 25. Rd1 Bc5 26. Rxd8 Rxd8 27. Rd2
Rxd2 28. Bxd2 Bd4 29. Kf1 Kf7 30. Ke2 Ke6 31. f3 exf3+ 32. Kxf3 Bb2 33. Ke3 Be5
34. Kd3 g5 35. Be1 Bd6 36. b4 h5 37. a3 Be5 38. Bf2 g4 39. a4 h4 40. b5 h3 41.
Ke3 Kd6 42. Bg1 Kc5 43. Kd3+ Kb4 44. Be3 Bxg3 0-1

[Event "Superettan(Kamraterna-Limhamn II)"]
[Site "?"]
[Date "2014.01.18"]
[Round "4"]
[White "Hansen, Anders"]
[Black "Andersson, Johan"]
[Result "1/2-1/2"]
[WhiteElo "2077"]
[BlackElo "2214"]
[PlyCount "127"]

1. d4 d6 2. Nf3 g6 3. c4 f5 4. e4 fxe4 5. Ng5 Nf6 6. Nc3 Bg7 7. Ngxe4 O-O 8.
Nxf6+ exf6 9. Be2 Nc6 10. d5 Ne5 11. O-O f5 12. f3 Re8 13. Bf4 Bd7 14. Qd2 Qf6
15. Rfe1 Nf7 16. Bf1 Qd4+ 17. Kh1 Qxd2 18. Bxd2 Bd4 19. Rad1 Rxe1 20. Rxe1 Re8
21. Rxe8+ Bxe8 22. b3 Kg7 23. h3 Kf6 24. Ne2 Bb2 25. g4 Ne5 26. Kg2 Bf7 27. g5+
Ke7 28. Nf4 c6 29. h4 Nd7 30. Bd3 Nc5 31. Bc2 Be5 32. dxc6 bxc6 33. Be3 a6 34.
Ne2 Ne6 35. b4 Kd7 36. a4 Kc7 37. b5 cxb5 38. cxb5 axb5 39. axb5 Be8 40. b6+
Kb7 41. Bb3 Nf8 42. Nd4 Nd7 43. Ne6 Nxb6 44. Nf8 Nd7 45. Nxd7 Bxd7 46. Bg8 f4
47. Bd2 Kc6 48. Bxh7 Be8 49. Bg8 d5 50. Be6 Kd6 51. Bc8 Bf7 52. Ba6 Kc5 53. Kf2
Bd4+ 54. Ke2 Be5 55. Bd3 Kd6 56. Bb4+ Ke6 57. Bb5 Bd4 58. Bd2 Be5 59. Kd3 Kd6
60. Bb4+ Ke6 61. Bc5 Bg7 62. Bc6 Be5 63. Bb5 Bg7 64. Bc6 1/2-1/2

[Event "Superettan(Kamraterna-Limhamn II)"]
[Site "?"]
[Date "2014.01.18"]
[Round "4"]
[White "Madebrink, Lars"]
[Black "Ollen, Martin"]
[Result "1/2-1/2"]
[WhiteElo "2219"]
[BlackElo "2121"]
[PlyCount "148"]

1. d4 Nf6 2. c4 d6 3. Nc3 Nc6 4. e4 e5 5. Nge2 g6 6. f3 Bg7 7. Be3 O-O 8. Qd2
Nh5 9. d5 Ne7 10. g4 Nf4 11. Nxf4 exf4 12. Bxf4 f5 13. h3 fxe4 14. fxe4 c6 15.
Bg5 Be5 16. O-O-O Qc7 17. Bd3 b5 18. dxc6 Nxc6 19. Nd5 Qb7 20. Rhf1 Be6 21. Bh6
Bg7 22. Bxg7 Qxg7 23. cxb5 Ne5 24. Kb1 Rac8 25. Rc1 Bxd5 26. exd5 Rxc1+ 27.
Rxc1 Qf7 28. Be4 Qb7 29. Qa5 Qe7 30. Qc7 Qf6 31. Qxa7 Qf4 32. Qd4 Nf3 33. Qd3
Nd2+ 34. Ka1 Nxe4 35. Re1 Nc5 36. Qc3 Na4 37. Qc2 Qb4 38. Rd1 Qxb5 39. b3 Nc5
40. Re1 Ra8 41. Kb1 Rf8 42. Qe2 Qb4 43. Qe3 Qb7 44. Qd4 Nxb3 45. axb3 Qxb3+ 46.
Qb2 Qd3+ 47. Qc2 Rb8+ 48. Kc1 Qa3+ 49. Kd1 Qa1+ 50. Kd2 Qa5+ 51. Kd1 Qxd5+ 52.
Kc1 Qg5+ 53. Kd1 Qd5+ 54. Kc1 Qb7 55. Re3 Qh1+ 56. Kd2 Qg2+ 57. Re2 Qd5+ 58.
Ke1 Qd4 59. Kf1 Ra8 60. Kg2 Qd5+ 61. Kh2 Rf8 62. Rd2 Qe5+ 63. Kg2 Qf4 64. Qb3+
Kg7 65. Qd3 Rf6 66. Rc2 Kh6 67. Rb2 Re6 68. Rf2 Re3 69. Rxf4 Rxd3 70. Rf7 g5
71. Rd7 Kg6 72. Rd8 d5 73. Rd6+ Kg7 74. Rd7+ Kg6 1/2-1/2

[Event "Superettan(Kamraterna-Limhamn II)"]
[Site "?"]
[Date "2014.01.18"]
[Round "4"]
[White "Karlsson, Ulf"]
[Black "Eriksson, Magnus"]
[Result "0-1"]
[WhiteElo "2069"]
[BlackElo "2127"]
[PlyCount "64"]

1. e4 c5 2. Nc3 Nc6 3. g3 g6 4. Bg2 Bg7 5. d3 d6 6. f4 e6 7. Nf3 Nge7 8. O-O
O-O 9. Bd2 Nd4 10. Rb1 Nec6 11. Nxd4 cxd4 12. Ne2 Qc7 13. c4 dxc3 14. Bxc3 Bxc3
15. bxc3 b6 16. Qd2 Ne7 17. f5 f6 18. fxe6 Bxe6 19. e5 Bd5 20. exf6 Bxg2 21.
Kxg2 Nd5 22. f7+ Rxf7 23. Rxf7 Qxf7 24. c4 Rf8 25. cxd5 Qf2+ 26. Kh1 Re8 27.
Re1 h5 28. Qc1 Rxe2 29. Rxe2 Qxe2 30. Qc8+ Kh7 31. Qc7+ Kh6 32. Qxd6 Qf1# 0-1

[Event "Superettan(Kamraterna-Limhamn II)"]
[Site "?"]
[Date "2014.01.18"]
[Round "4"]
[White "Borvander, Tom"]
[Black "Astrom, Lars"]
[Result "1/2-1/2"]
[WhiteElo "2214"]
[BlackElo "2033"]
[PlyCount "47"]

1. d4 d5 2. c4 c6 3. Nf3 Nf6 4. Nc3 dxc4 5. a4 e6 6. e3 c5 7. Bxc4 Nc6 8. O-O
cxd4 9. Nxd4 Nxd4 10. exd4 Be7 11. d5 exd5 12. Nxd5 Nxd5 13. Bxd5 O-O 14. a5
Bg5 15. Qb3 Bxc1 16. Rfxc1 Rb8 17. Rd1 Qf6 18. Rac1 Be6 19. h3 h6 20. Rc3 Rbd8
21. Rcd3 Bxd5 22. Rxd5 Rxd5 23. Rxd5 Qc6 24. Qd1 1/2-1/2

[Event "Superettan(Solna-Rockaden,Umea)"]
[Site "?"]
[Date "2014.01.18"]
[Round "4"]
[White "Wickstrom, Lucas"]
[Black "Bergstrom, Christer"]
[Result "1-0"]
[WhiteElo "2416"]
[BlackElo "2377"]
[PlyCount "55"]
[SourceDate "2014.01.26"]

1. d4 Nf6 2. c4 e6 3. Nf3 b6 4. g3 Bb7 5. Bg2 Be7 6. O-O O-O 7. d5 exd5 8. Nh4
c6 9. cxd5 Nxd5 10. Nf5 Re8 11. e4 Nc7 12. Nc3 Nba6 13. e5 Bf8 14. Qg4 Kh8 15.
Bg5 Qc8 16. Ne4 Rxe5 17. Ned6 Bxd6 18. Nxd6 Qf8 19. Nxb7 Ne6 20. Bf4 Nxf4 21.
Qxf4 Qe7 22. Qc4 Nb8 23. Qc3 Re6 24. Bh3 d5 25. Bxe6 fxe6 26. Rfe1 Qxb7 27.
Rxe6 Nd7 28. Qxc6 1-0

[Event "Superettan(Solna-Rockaden,Umea)"]
[Site "?"]
[Date "2014.01.18"]
[Round "4"]
[White "Johansson, Gunnar"]
[Black "Petrov, Marijan"]
[Result "1-0"]
[WhiteElo "2291"]
[BlackElo "2550"]
[PlyCount "105"]

1. d4 c5 2. d5 g6 3. e4 d6 4. c4 Bg7 5. Nc3 e6 6. Bd3 Nf6 7. h3 O-O 8. Nf3 Na6
9. O-O Nc7 10. dxe6 Nxe6 11. Be3 b6 12. Qd2 Bb7 13. Bh6 Nd7 14. Bxg7 Kxg7 15.
Be2 Ne5 16. Rad1 Nxf3+ 17. Bxf3 Nd4 18. Nb5 Nxb5 19. cxb5 Re8 20. Rfe1 Qd7 21.
Qxd6 Qxb5 22. Qc7 Bc6 23. a4 Qxa4 24. b3 Qb5 25. Be2 Rac8 26. Qxc8 Rxc8 27.
Bxb5 Bxb5 28. f4 Kf6 29. Kf2 Ke7 30. g4 a5 31. e5 Bd7 32. Rd6 Rb8 33. Kf3 Be6
34. Rb1 h5 35. gxh5 gxh5 36. Ke4 Bxh3 37. f5 Bg2+ 38. Kf4 Rg8 39. f6+ Ke8 40.
Rbd1 Rg4+ 41. Ke3 Rd4 42. R1xd4 cxd4+ 43. Kxd4 h4 44. Rxb6 h3 45. Rb8+ Kd7 46.
Rh8 Ke6 47. Rh5 Bf1 48. Kc5 h2 49. Kb6 Bd3 50. Kxa5 Bf5 51. b4 Kxe5 52. Rxh2
Kxf6 53. Rf2 1-0

[Event "Superettan(Solna-Rockaden,Umea)"]
[Site "?"]
[Date "2014.01.18"]
[Round "4"]
[White "Forsberg, Viktor"]
[Black "Jonsson, Mikael"]
[Result "1-0"]
[WhiteElo "2367"]
[BlackElo "2355"]
[PlyCount "61"]

1. e4 e5 2. Nf3 Nc6 3. Bb5 a6 4. Ba4 Nf6 5. O-O Be7 6. Re1 b5 7. Bb3 O-O 8. d3
d6 9. c3 Be6 10. Bxe6 fxe6 11. a4 Rb8 12. axb5 axb5 13. d4 Qc8 14. Bg5 h6 15.
Bxf6 Bxf6 16. Qd3 Qb7 17. Na3 Qb6 18. Nc2 Rfe8 19. Rad1 exd4 20. cxd4 Na5 21.
Ne3 c5 22. e5 Be7 23. dxc5 dxc5 24. Ng4 Bf8 25. Qg6 Kh8 26. Ng5 hxg5 27. Rd3
Be7 28. Rh3+ Kg8 29. Nh6+ Kh8 30. Nf7+ Kg8 31. Rh8# 1-0

[Event "Superettan(Solna-Rockaden,Umea)"]
[Site "?"]
[Date "2014.01.18"]
[Round "4"]
[White "Karlsson, Tomas"]
[Black "Malmstig, Erik"]
[Result "1-0"]
[WhiteElo "2329"]
[BlackElo "2309"]
[PlyCount "125"]

1. e4 e5 2. Nf3 Nc6 3. Bb5 a6 4. Ba4 Bc5 5. O-O b5 6. Bb3 d6 7. c3 Bb6 8. a4 b4
9. d4 exd4 10. Nxd4 Nxd4 11. cxd4 Ne7 12. a5 Ba7 13. Be3 O-O 14. Qd3 d5 15. Nd2
dxe4 16. Qxe4 Bf5 17. Qe5 Bd3 18. Rfc1 Nf5 19. Nf3 Nd6 20. Bg5 Qd7 21. Qe3 Bb5
22. Ne5 Qf5 23. Be7 Rae8 24. Rxc7 Bb8 25. Bxd6 Bxc7 26. Bxc7 Qf6 27. Bb6 Rc8
28. Bc5 Rfe8 29. Bxb4 Rc7 30. Qg3 Rec8 31. Bc5 h5 32. Re1 h4 33. Qf3 Qxf3 34.
Nxf3 h3 35. gxh3 Rc6 36. Ne5 Rf6 37. f3 g6 38. Kf2 Kg7 39. Kg3 Rf5 40. Ng4 Bc6
41. Re3 g5 42. Bc2 Rf4 43. h4 Re8 44. Rc3 Re2 45. hxg5 Rxf3+ 46. Rxf3 Bxf3 47.
Kxf3 Rxc2 48. b4 Kg6 49. Kf4 Rd2 50. Ne5+ Kh5 51. Nf3 Rd1 52. h3 Kg6 53. Ke4
Rh1 54. h4 f6 55. gxf6 Kxf6 56. Kd5 Rh3 57. Ne5 Rh1 58. Kc6 Ke6 59. Nf3 Kf5 60.
d5 Kf4 61. d6 Kxf3 62. d7 Rd1 63. Bd6 1-0

[Event "Superettan(Solna-Rockaden,Umea)"]
[Site "?"]
[Date "2014.01.18"]
[Round "4"]
[White "Lindgren, Fredrik"]
[Black "Landgren, Andreas"]
[Result "1-0"]
[WhiteElo "2270"]
[BlackElo "2285"]
[PlyCount "91"]

1. d4 d5 2. Nf3 e6 3. g3 c6 4. Bg2 Nf6 5. Nbd2 Nbd7 6. O-O Bd6 7. c4 O-O 8. b3
Qe7 9. Bb2 e5 10. dxe5 Nxe5 11. Nxe5 Bxe5 12. Bxe5 Qxe5 13. cxd5 cxd5 14. Nf3
Qh5 15. Rc1 Bh3 16. Rc7 Bxg2 17. Kxg2 b6 18. Qc2 Qg4 19. Rc1 h6 20. h3 Qb4 21.
Qc6 a5 22. Rb7 Rab8 23. Rxb8 Rxb8 24. e3 b5 25. Qc7 Re8 26. Qc5 Rb8 27. Qxb4
axb4 28. Nd4 Ra8 29. Rc2 Ne4 30. Nc6 Kf8 31. Nxb4 Rd8 32. Nc6 Rd6 33. Nd4 b4
34. Nc6 Ke8 35. Nxb4 d4 36. exd4 Rxd4 37. Nc6 Rd6 38. Re2 f5 39. f3 Rd2 40.
Rxd2 Nxd2 41. Nd4 g6 42. Kf2 Kd7 43. Ke2 Nb1 44. Kd3 Kd6 45. Nb5+ Kc5 46. Kc2
1-0

[Event "Superettan(Solna-Rockaden,Umea)"]
[Site "?"]
[Date "2014.01.18"]
[Round "4"]
[White "Lindborg, Petter"]
[Black "Eriksson, Jorgen"]
[Result "1-0"]
[WhiteElo "2246"]
[BlackElo "2274"]
[PlyCount "247"]

1. d4 Nf6 2. c4 g6 3. Nc3 Bg7 4. e4 d6 5. h3 O-O 6. Be3 Na6 7. Bd3 c5 8. d5 e6
9. Nf3 Re8 10. O-O exd5 11. exd5 Nc7 12. a4 Na6 13. Qd2 Nb4 14. Bb1 b6 15. Bf4
Ba6 16. Nb5 Bxb5 17. axb5 Ne4 18. Bxe4 Rxe4 19. Rac1 Qf6 20. Bg3 Rae8 21. Rfe1
Qxb2 22. Rxe4 Rxe4 23. Bxd6 Qxd2 24. Nxd2 Re2 25. Rd1 Nd3 26. Nf3 Nb2 27. Rc1
Re4 28. Nd2 Re2 29. Nf3 Re4 30. Bc7 Kf8 31. Ra1 Nxc4 32. Rxa7 Bf6 33. Rb7 Kg7
34. Bxb6 Nxb6 35. Rxb6 Rb4 36. d6 Rb1+ 37. Kh2 c4 38. d7 Rd1 39. Rc6 c3 40. Rc7
Rd6 41. g4 h6 42. h4 g5 43. h5 Rb6 44. Rxc3 Rxb5 45. Rd3 Rb8 46. Nd4 Bxd4 47.
Rxd4 Rd8 48. Kg3 Kf6 49. Rd6+ Ke7 50. Rxh6 Rxd7 51. Ra6 Kf8 52. Ra3 Kg7 53. Kf3
Rd4 54. Ra5 Rf4+ 55. Kg3 f6 56. Ra7+ Kg8 57. f3 Rb4 58. Kf2 Rb3 59. Rd7 Ra3 60.
Ke2 Rb3 61. Rd3 Rb4 62. Ke3 Kg7 63. Rd7+ Kg8 64. Rd4 Rb5 65. Rd7 f5 66. Rd6 Kh7
67. Rg6 Rb3+ 68. Ke2 Rb2+ 69. Ke3 Rb3+ 70. Kf2 fxg4 71. fxg4 Rb5 72. Kf3 Re5
73. Rf6 Ra5 74. Ke4 Ra4+ 75. Kf3 Ra3+ 76. Kg2 Ra2+ 77. Rf2 Ra4 78. Kg3 Kh6 79.
Rf3 Rb4 80. Rf6+ Kh7 81. Re6 Rb3+ 82. Kf2 Rb4 83. Kf3 Rf4+ 84. Kg3 Ra4 85. Rg6
Ra5 86. Kf2 Re5 87. Kf3 Ra5 88. Ke4 Rb5 89. Rd6 Rb7 90. Re6 Rf7 91. Ke3 Rf4 92.
Re4 Rf6 93. Kd4 Rf7 94. Kd5 Rf8 95. Re7+ Kh6 96. Re6+ Kh7 97. Rg6 Ra8 98. Ke6
Ra6+ 99. Kf7 Ra5 100. Kf6 Rb5 101. Rxg5 Rb8 102. Rg6 Rb5 103. Rg7+ Kh6 104.
Rg6+ Kh7 105. Rg5 Rb8 106. Ke5 Rb4 107. Kf5 Ra4 108. Rg6 Ra7 109. Re6 Rg7 110.
g5 Rf7+ 111. Rf6 Ra7 112. Re6 Rf7+ 113. Rf6 Ra7 114. h6 Ra5+ 115. Kg4 Ra1 116.
Rf7+ Kg8 117. Re7 Rf1 118. Kh5 Rf8 119. g6 Ra8 120. h7+ Kh8 121. Kh6 Rg8 122.
g7+ Rxg7 123. Re8+ Rg8 124. hxg8=R# 1-0

[Event "Superettan(Solna-Rockaden,Umea)"]
[Site "?"]
[Date "2014.01.18"]
[Round "4"]
[White "Nygren, David"]
[Black "Lundvik, Jonas"]
[Result "0-1"]
[WhiteElo "2212"]
[BlackElo "2238"]
[PlyCount "134"]

1. e4 e6 2. d4 d5 3. Nc3 Nf6 4. e5 Ng8 5. Qg4 Qd7 6. Bb5 c6 7. Ba4 Ne7 8. Nge2
a5 9. a3 b5 10. Bb3 Nf5 11. O-O Be7 12. Be3 O-O 13. Ng3 Nxg3 14. fxg3 f6 15.
Bh6 Rf7 16. exf6 Bxf6 17. Be3 e5 18. Qxd7 Rxd7 19. Ne4 Rf7 20. Nd6 exd4 21.
Nxf7 dxe3 22. Nd6 Na6 23. c3 Nc5 24. Ba2 Bg4 25. h3 Rd8 26. hxg4 Rxd6 27. Rf3
Re6 28. Re1 Bg5 29. Re2 g6 30. Bb1 Kg7 31. Bc2 a4 32. Kf1 Nd7 33. b3 axb3 34.
Bxb3 Nf6 35. a4 bxa4 36. Bxa4 Nxg4 37. Kg1 h5 38. Rf1 Bf6 39. Rc1 Be5 40. Rb1
Bxg3 41. Rf1 Bf2+ 42. Kh1 Re4 43. Bd1 Ne5 44. g3 Bxg3 45. Kg2 Bh4 46. Ra2 Bf2
47. Be2 Rf4 48. Ra7+ Kf6 49. Rc7 Ke6 50. Ra1 Bh4 51. Rf1 Rf2+ 52. Rxf2 Bxf2 53.
Kh3 Be1 54. c4 d4 55. Kg2 h4 56. Kf1 Bg3 57. c5 Kd5 58. Rg7 d3 59. Bxd3 Nxd3
60. Ke2 Ke4 61. Kf1 Kf3 62. Rf7+ Bf4 63. Re7 g5 64. Re6 h3 65. Kg1 g4 66. Kf1
g3 67. Rxe3+ Kxe3 0-1

[Event "Superettan(Solna-Rockaden,Umea)"]
[Site "?"]
[Date "2014.01.18"]
[Round "4"]
[White "Bjarnehag, Peter"]
[Black "Hammar, Ulf"]
[Result "0-1"]
[WhiteElo "2208"]
[BlackElo "2187"]
[PlyCount "100"]

1. Nf3 d5 2. c4 c6 3. d4 Nf6 4. Nc3 dxc4 5. a4 Bf5 6. Ne5 Nbd7 7. Nxc4 Nb6 8.
Ne5 a5 9. f3 Nfd7 10. Nxd7 Nxd7 11. e4 Bg6 12. Be2 e6 13. Be3 Bb4 14. O-O O-O
15. Qb3 Qb6 16. Na2 Bd2 17. Qd3 Bxe3+ 18. Qxe3 e5 19. Rfd1 Rfd8 20. Kf2 Qxb2
21. Qc3 Qxc3 22. Nxc3 exd4 23. Rxd4 Nc5 24. Rad1 Rxd4 25. Rxd4 Kf8 26. Ke3 Ke7
27. h4 f6 28. f4 Bf7 29. Bc4 Nb3 30. Bxb3 Bxb3 31. Rd2 Bc4 32. Rb2 Ba6 33. Ne2
Rd8 34. Nd4 Rd7 35. Rb6 Kd6 36. Rb2 Kc5 37. Ne6+ Kc4 38. Rd2 Re7 39. f5 Kb4 40.
Rd4+ Bc4 41. Nf4 Kc3 42. g4 b5 43. Rd6 Rc7 44. axb5 cxb5 45. Nd5+ Bxd5 46. Rxd5
b4 47. Rxa5 b3 48. e5 b2 49. Rb5 Rc4 50. e6 Rb4 0-1

[Event "Superettan(Schack 08-Kungstornet)"]
[Site "?"]
[Date "2014.01.18"]
[Round "4"]
[White "Lyrberg, Patrik"]
[Black "Laveryd, Peter"]
[Result "1-0"]
[WhiteElo "2548"]
[BlackElo "2437"]
[PlyCount "69"]
[SourceDate "2014.01.26"]

1. Nf3 Nf6 2. c4 g6 3. Nc3 Bg7 4. g3 O-O 5. Bg2 d6 6. d4 Nc6 7. O-O a6 8. Bg5
Rb8 9. Rc1 h6 10. Bxf6 Bxf6 11. e3 Bg7 12. Qe2 b5 13. Nd5 bxc4 14. Qxc4 Bb7 15.
b3 Na5 16. Qa4 c5 17. Nxe7+ Qxe7 18. Qxa5 Qf6 19. Nd2 Bxg2 20. Kxg2 cxd4 21.
exd4 d5 22. Nf3 Rb5 23. Qd2 Qb6 24. Rfe1 Qb7 25. Qf4 Rb6 26. Rc7 Qb8 27. Ree7
Rf6 28. Qe3 Re6 29. Rxe6 Qxc7 30. Rxa6 Qc8 31. Ra7 Qb8 32. Rd7 Qb5 33. Qe7 Bf6
34. Qd6 Kg7 35. Qxd5 1-0

[Event "Superettan(Schack 08-Kungstornet)"]
[Site "?"]
[Date "2014.01.18"]
[Round "4"]
[White "Ingbrant, Johan"]
[Black "Larsson, Anders"]
[Result "1-0"]
[WhiteElo "2430"]
[BlackElo "2339"]
[PlyCount "97"]

1. Nf3 d6 2. d4 Bg4 3. c4 Nd7 4. Nc3 g6 5. e4 Bg7 6. Be2 c5 7. Be3 cxd4 8. Bxd4
Ngf6 9. O-O O-O 10. Rb1 a6 11. b3 Rc8 12. Re1 b5 13. Nd2 Bxe2 14. Qxe2 Re8 15.
Rec1 b4 16. Na4 Qa5 17. Rc2 e5 18. Ba1 d5 19. exd5 Nxd5 20. Ne4 Nf4 21. Qf3 Qc7
22. Rd1 Re6 23. g3 Nh5 24. Rcd2 Nf8 25. Rd5 Nf6 26. Rc5 Qb8 27. Bxe5 Rxe5 28.
Nxf6+ Bxf6 29. Rxc8 Qxc8 30. Qxf6 Qe8 31. Nb6 Rf5 32. Qb2 Qe7 33. Nd5 Qe6 34.
Qd4 h5 35. Qd2 Nh7 36. Re1 Re5 37. Rxe5 Qxe5 38. h4 a5 39. Kg2 g5 40. Qe3 Qxe3
41. fxe3 f6 42. c5 Kf7 43. c6 Ke6 44. Kf3 f5 45. e4 fxe4+ 46. Kxe4 gxh4 47.
gxh4 Nf8 48. c7 Kd7 49. Kf5 1-0

[Event "Superettan(Schack 08-Kungstornet)"]
[Site "?"]
[Date "2014.01.18"]
[Round "4"]
[White "Henriksson, Johan"]
[Black "Renman, Nils-Gustaf"]
[Result "1/2-1/2"]
[WhiteElo "2295"]
[BlackElo "2386"]
[PlyCount "157"]

1. d4 e6 2. g3 d5 3. Bg2 Nf6 4. Nf3 a6 5. a4 c5 6. O-O Nc6 7. e3 Be7 8. b3 cxd4
9. exd4 O-O 10. c4 Bd7 11. Ne5 Rc8 12. Ba3 dxc4 13. Nxc4 b5 14. axb5 axb5 15.
Nd6 Rb8 16. Bc5 Qc7 17. Ne4 Rfd8 18. Bxe7 Nxe7 19. Nxf6+ gxf6 20. Qg4+ Kh8 21.
Qh4 Kg7 22. Nd2 Ng6 23. Qe4 Rbc8 24. Qe3 Bc6 25. Rfc1 Qd7 26. Bxc6 Rxc6 27. Nf3
Ne7 28. Qe4 Qd5 29. Qg4+ Ng6 30. Rxc6 Qxc6 31. h4 h5 32. Qxh5 Rh8 33. Qg4 f5
34. Ne5 Qc3 35. Qd1 Nxe5 36. dxe5 Qxe5 37. Ra7 f4 38. Qg4+ Kf6 39. gxf4 Qe1+
40. Kg2 Qe4+ 41. Kh2 Qg6 42. Qg5+ Qxg5 43. fxg5+ Kg6 44. Kg3 Rd8 45. Kg4 Rd4+
46. f4 f5+ 47. gxf6 Kxf6 48. h5 e5 49. Ra6+ Kf7 50. Kg5 Rxf4 51. Ra7+ Kg8 52.
Rb7 Rb4 53. Kg6 Rg4+ 54. Kf5 Rb4 55. Kg6 Rg4+ 56. Kh6 Rb4 57. Rg7+ Kf8 58. Rg3
e4 59. Kg6 Rd4 60. h6 Rd6+ 61. Kf5 Rxh6 62. Kxe4 Rh5 63. Rd3 Ke7 64. Rd5 Rh4+
65. Kd3 Rh3+ 66. Kc2 b4 67. Rd4 Rc3+ 68. Kb2 Rc5 69. Rxb4 Kd6 70. Ka3 Kc6 71.
Ka4 Rc1 72. Ka5 Ra1+ 73. Ra4 Rb1 74. b4 Kb7 75. Ra2 Rh1 76. Rg2 Rh5+ 77. b5 Rh6
78. Rg7+ Kb8 79. b6 1/2-1/2

[Event "Superettan(Schack 08-Kungstornet)"]
[Site "?"]
[Date "2014.01.18"]
[Round "4"]
[White "Rosberg, Simon"]
[Black "Wikner, Arvid"]
[Result "1/2-1/2"]
[WhiteElo "2252"]
[BlackElo "2294"]
[PlyCount "67"]

1. Nf3 Nf6 2. g3 g6 3. Bg2 Bg7 4. O-O O-O 5. d3 d5 6. Nbd2 c5 7. e4 dxe4 8.
dxe4 Nc6 9. c3 e5 10. Qe2 b6 11. h3 Qc7 12. Ne1 a5 13. a4 Ba6 14. Nc4 Ne8 15.
Nc2 Nd6 16. b3 Rab8 17. N2e3 Ne7 18. Rd1 Rfd8 19. Qc2 Nxc4 20. bxc4 Rxd1+ 21.
Qxd1 Rd8 22. Qb3 Bh6 23. Nd5 Nxd5 24. cxd5 Bxc1 25. Rxc1 c4 26. Qa2 Qc5 27. Ra1
Rd6 28. h4 Kg7 29. Rb1 h6 30. Bh3 Rf6 31. Kg2 Rd6 32. Kg1 Rf6 33. Kg2 Rd6 34.
Kg1 1/2-1/2

[Event "Superettan(Schack 08-Kungstornet)"]
[Site "?"]
[Date "2014.01.18"]
[Round "4"]
[White "Engstrom, Kaj"]
[Black "Schutz, Ingemar"]
[Result "1/2-1/2"]
[WhiteElo "2284"]
[BlackElo "2238"]
[PlyCount "30"]

1. e4 c5 2. Nf3 d6 3. c3 Nf6 4. Be2 e5 5. O-O Be7 6. Re1 O-O 7. Bf1 Nc6 8. h3
d5 9. exd5 Qxd5 10. d3 Bf5 11. Na3 e4 12. dxe4 Qxd1 13. Rxd1 Bxe4 14. Ng5 Bg6
15. Bf4 Rad8 1/2-1/2

[Event "Superettan(Schack 08-Kungstornet)"]
[Site "?"]
[Date "2014.01.18"]
[Round "4"]
[White "Ottenklev, Niclas"]
[Black "Evertsson, Lennart"]
[Result "0-1"]
[WhiteElo "2199"]
[BlackElo "2231"]
[PlyCount "70"]

1. e4 c5 2. Nf3 e6 3. Qe2 Nc6 4. c3 Nf6 5. g3 Be7 6. Bg2 O-O 7. O-O d5 8. d3 b5
9. h4 d4 10. e5 Nd5 11. a4 bxa4 12. Rxa4 Bd7 13. c4 Ndb4 14. Ra3 f6 15. exf6
gxf6 16. Bh6 Rf7 17. Ne1 Kh8 18. Kh2 Qg8 19. Bf3 Bf8 20. Bd2 Rb8 21. Bxb4 cxb4
22. Ra6 Ne5 23. Bh5 Rg7 24. Rxa7 Bd6 25. Nd2 Nc6 26. Rxd7 Rxd7 27. Qf3 Ne5 28.
Qxf6+ Rg7 29. Ne4 Rf8 30. Qh6 Be7 31. Kh3 Rf5 32. f4 Bf8 33. Nf6 Rxg3+ 34. Kh2
Bxh6 35. Nxg8 Rxg8 0-1

[Event "Superettan(Schack 08-Kungstornet)"]
[Site "?"]
[Date "2014.01.18"]
[Round "4"]
[White "Holmquist, Gunnar"]
[Black "Stenman, Christoffer"]
[Result "1-0"]
[WhiteElo "2230"]
[BlackElo "2000"]
[PlyCount "67"]

1. Nf3 c5 2. c4 d6 3. d4 cxd4 4. Nxd4 g6 5. g3 Nc6 6. Bg2 Bd7 7. Nc3 Bg7 8. e3
Nf6 9. O-O Qc8 10. Re1 Bh3 11. Bh1 h5 12. Nxc6 bxc6 13. Qa4 Bd7 14. c5 h4 15.
e4 hxg3 16. hxg3 Rxh1+ 17. Kxh1 Ng4 18. Qc2 Bd4 19. Nd1 Bxc5 20. b4 Bb6 21. f3
Ne5 22. Qe2 Kd8 23. Be3 Kc7 24. Nf2 Be6 25. Rac1 Bxe3 26. Qxe3 Qh8+ 27. Kg2 Qf6
28. Qc3 Nc4 29. e5 Qf5 30. exd6+ exd6 31. Rxe6 Qxe6 32. Qxc4 d5 33. Qa6 Rb8 34.
b5 1-0

[Event "Superettan(Schack 08-Kungstornet)"]
[Site "?"]
[Date "2014.01.18"]
[Round "4"]
[White "Andersson, Bo"]
[Black "Palmblad, Jan Peter"]
[Result "0-1"]
[WhiteElo "1972"]
[BlackElo "2225"]
[PlyCount "62"]

1. Nf3 c5 2. c4 Nc6 3. Nc3 g6 4. d4 cxd4 5. Nxd4 Bg7 6. e3 d6 7. Be2 h5 8. Bf3
Ne5 9. Be2 Nh6 10. h3 a6 11. Bd2 Bd7 12. Rc1 Rb8 13. b3 Nc6 14. O-O Nxd4 15.
exd4 Bxd4 16. Bg5 Nf5 17. Bd3 Be5 18. Bxf5 Bxf5 19. Nd5 f6 20. Be3 g5 21. Bb6
Qd7 22. f4 gxf4 23. Nxf4 Kf7 24. Qf3 Rbg8 25. c5 Bxf4 26. Qxf4 Bxh3 27. Rf2 Qc6
28. Rcc2 dxc5 29. Bxc5 Bxg2 30. Kh2 Rg4 31. Bxe7 Rxf4 0-1